| 000 | 00536nam a2200181Ia 4500 | ||
|---|---|---|---|
| 999 |
_c28961 _d28961 |
||
| 003 | OSt | ||
| 005 | 20210105143016.0 | ||
| 008 | 190216s9999||||xx |||||||||||||| ||und|| | ||
| 020 | _a9788182643161 | ||
| 040 | _coclc | ||
| 082 |
_a894.8128 _bRAJ/P |
||
| 100 |
_aRajeevan, Sharada _98074 |
||
| 245 | 0 |
_aPenvanibhathinte Kanappurangal / _cSharada Rajeevan ; Preethi AM |
|
| 260 | _bMathrubhumi Printing &publishing | ||
| 300 | _a71p | ||
| 650 | _aPadanam | ||
| 942 |
_cBK _2ddc _h894.8128 _iRAJ/P _k894.8128 _mRAJ/P |
||